000 00292nam a2200133Ia 4500
008 231129s1980||||xx |||||||||||||| ||spa||
040 _bspa
082 _aCo861 D542
100 _aDiaz Granados Jose Luis
245 0 _aEl laberinto
260 _c1980
264 _aEcoe
942 _2ddc
_cBKS
999 _c11429
_d11429